000 00893nam a22002777a 4500
001 6860
003 FISKH
005 20250603160011.0
008 250603b cb ||||| |||| 00| 0 eng d
040 _aFISKH
_beng
_cFISKH
_dFISKH
050 _aPZ7.H7918 H
082 _a813.5
100 _aHort, Lenny
245 _aHow many stars in thesky? /
_cLenny Hort ; Paintings by James E. Ransome
250 _aFirst Scholastic printing, May 2001
260 _aNew York :
_bScholastic,
_c1991
300 _a32 unnumbered pages :
_bcolor illustrations ;
_c28 cm
505 _aJ
520 _aOne night when Mama is away, Daddy and child seek a good place to count the stars in the night sky.
521 8 _a500
_bLexile AD
521 8 _aJ
_bRaz-Plus
650 _aAfrican American
_vFamily
700 _aRansome, James E.
_eillustrator
942 _2ddc
_cBK
_n0
999 _c6860
_d6860